Estadísticas para Países más cercanos a Dominica

Haz click aquí para intentar la prueba.

Estadísticas generales

  • Esta prueba ha sido intentada 40 veces
  • La puntuación promedio es 15 de 20

Estadísticas de respuestas

kmpaís% Correcto
1128Haití
91%
154Antigua y Barbuda
88%
1367Bahamas
88%
277Barbados
88%
298Granada
88%
201San Cristóbal y Nieves
88%
204San Vicente y las Granadinas
88%
500Venezuela
88%
1114Colombia
84%
757Guyana
84%
1131Surinam
84%
439Trinidad y Tobago
84%
804República Dominicana
81%
1113Brasil
78%
129Santa Lucía
78%
27Francia
66%
259Países Bajos
53%
969Aruba
31%
872Curaçao
25%
313Sint Maarten
19%

Distribución de puntuación

Porcentaje por número respondido

Porcentaje de gente con cada puntuación

Historial de tus puntuaciones

No has intentado esta prueba.